[Event "Chigorin Mem Rapid"]
[Site "St Petersburg RUS"]
[Date "2012.10.26"]
[Round "5.5"]
[White "Hovhannisyan, R."]
[Black "Epishin, V."]
[Result "1-0"]
[WhiteElo "2610"]
[BlackElo "2574"]
[PlyCount "75"]
[EventDate "2012.10.25"]
[SourceDate "1999.07.01"]

1. e4 c6 2. d4 d5 3. e5 Bf5 4. Be2 a6 5. Nf3 e6 6. O-O Nd7 7. Nbd2 Bg6 8. c4
Ne7 9. Qb3 Rb8 10. Nh4 dxc4 11. Nxc4 Nd5 12. Qh3 Bc2 13. Bd2 Be7 14. Rac1 O-O
15. Rxc2 Bxh4 16. Bd3 g6 17. Bh6 Bg5 18. Bxf8 Qxf8 19. a3 c5 20. Be4 Nf4 21.
Qf3 b5 22. h4 Bh6 23. Bc6 Rd8 24. Nd6 c4 25. Bxd7 Rxd7 26. b3 Rxd6 27. exd6
cxb3 28. Rc6 Qd8 29. Rxa6 Kg7 30. g3 b2 31. gxf4 Qxh4 32. Rb1 Bxf4 33. Rxb2
Qg5+ 34. Kf1 h5 35. d7 Bc7 36. Rc2 Bd8 37. Ra8 h4 38. Rcc8 1-0

[Event "Chigorin Mem Rapid"]
[Site "St Petersburg RUS"]
[Date "2012.10.26"]
[Round "9.12"]
[White "Grigoriants, S RUS."]
[Black "Shimanov, A."]
[Result "1-0"]
[WhiteElo "2578"]
[BlackElo "2599"]
[PlyCount "41"]
[EventDate "2012.10.25"]
[SourceDate "1999.07.01"]

1. e4 c6 2. d4 d5 3. exd5 cxd5 4. c4 Nf6 5. Nc3 e6 6. Nf3 Bb4 7. Bd3 dxc4 8.
Bxc4 O-O 9. O-O b6 10. Bg5 Bb7 11. Rc1 Bxc3 12. Rxc3 Nbd7 13. Bh4 Rc8 14. Qe2
Qe8 15. Ne5 Nxe5 16. Qxe5 Ne4 17. Bb5 f6 18. Bxe8 fxe5 19. Rxc8 Bxc8 20. Bc6
Rf4 21. g3 1-0

[Event "5th Douglas Martinez"]
[Site "Guarenas VEN"]
[Date "2012.10.28"]
[Round "6.4"]
[White "Bruzon Batista, L."]
[Black "Alvarez Pedraza, A."]
[Result "1-0"]
[WhiteElo "2717"]
[BlackElo "2526"]
[PlyCount "135"]
[EventDate "2012.10.25"]
[SourceDate "1999.07.01"]

1. e4 c6 2. d4 d5 3. Nc3 dxe4 4. Nxe4 Nf6 5. Nxf6+ gxf6 6. c3 Qd5 7. c4 Qe4+ 8.
Be3 e5 9. Ne2 Bb4+ 10. Nc3 Bxc3+ 11. bxc3 Bf5 12. Qd2 Nd7 13. Rc1 c5 14. f3 Qc6
15. Be2 O-O-O 16. d5 Qa6 17. Qb2 e4 18. f4 Rhg8 19. Rg1 Bg4 20. Bf1 f5 21. Rb1
Rg6 22. Qc2 Rdg8 23. Rb5 Kb8 24. Kd2 Qa3 25. Rb3 Qa5 26. Qb2 Rb6 27. Ke1 Bh5
28. Kf2 Bd1 29. Rxb6 Qxb6 30. Qd2 Bh5 31. h3 Qg6 32. Ke1 Qb6 33. Be2 Bxe2 34.
Qxe2 Qf6 35. Kf2 Qh4+ 36. Kf1 h5 37. Qe1 Qf6 38. g3 Nb6 39. Bxc5 Nxc4 40. Rg2
Qa6 41. Kg1 Qb5 42. Bd4 Qxd5 43. Qe2 Re8 44. Qxh5 e3 45. Qe2 b5 46. g4 Kb7 47.
gxf5 a6 48. f6 Re4 49. a4 Nd2 50. axb5 axb5 51. Rg5 Qc4 52. Rxb5+ Ka6 53. Rb6+
Ka5 54. Qh5+ Ka4 55. Qd1+ Nb3 56. Bxe3 Qxc3 57. Ra6+ Kb5 58. Qd5+ Kxa6 59. Qxe4
Qe1+ 60. Kg2 Qe2+ 61. Kg3 Qe1+ 62. Kg4 Qd1+ 63. Kg5 Na5 64. Qa8+ Kb5 65. Qb8+
Kc4 66. Qc7+ Kb5 67. Qb6+ Ka4 68. Qd4+ 1-0

[Event "Chigorin Memorial"]
[Site "St Petersburg RUS"]
[Date "2012.10.30"]
[Round "4.12"]
[White "Soffer, R."]
[Black "Grachev, B."]
[Result "1/2-1/2"]
[WhiteElo "2506"]
[BlackElo "2672"]
[PlyCount "130"]
[EventDate "2012.10.27"]
[SourceDate "1999.07.01"]

1. e4 c6 2. d4 d5 3. e5 Bf5 4. h4 h6 5. g4 Be4 6. f3 Bh7 7. e6 Qd6 8. exf7+
Kxf7 9. f4 Nf6 10. Bh3 Qe6+ 11. Kf1 Ne4 12. Kg2 h5 13. Nf3 hxg4 14. Ne5+ Ke8
15. Qxg4 Qxg4+ 16. Bxg4 Nd6 17. c3 Be4+ 18. Bf3 Bf5 19. Nd2 Nd7 20. Nf1 Nf6 21.
h5 e6 22. Ng3 Nfe4 23. Be3 Nxg3 24. Kxg3 Be7 25. Rh2 Bf6 26. Rf1 Ke7 27. Bc1
Rag8 28. Rfh1 Rh6 29. Ng4 Rh7 30. Ne5 Rgh8 31. Kg2 Ne4 32. Be3 Ke8 33. Ng4 Be7
34. Ne5 Nf6 35. Bf2 Rh6 36. Bg3 R8h7 37. Bf2 Bd6 38. Bh4 Bxe5 39. dxe5 Ng4 40.
Bxg4 Bxg4 41. Kg3 Bf5 42. Bg5 Be4 43. Bxh6 Bxh1 44. Bg5 Be4 45. h6 gxh6 46.
Rxh6 Rxh6 47. Bxh6 c5 48. Kf2 Kd7 49. Ke3 Kc6 50. Bf8 Bb1 51. a3 Kb5 52. Kd2
Kc4 53. b4 cxb4 54. Bxb4 Bg6 55. Bd6 Kb3 56. Bc5 b6 57. Bd6 a6 58. Be7 Bh7 59.
Bd6 Bf5 60. Be7 a5 61. Bd6 Bg6 62. Be7 Be8 63. Kd3 Bg6+ 64. Kd4 Bf5 65. Bd6 Bg6
1/2-1/2

[Event "Chigorin Memorial"]
[Site "St Petersburg RUS"]
[Date "2012.10.31"]
[Round "5.2"]
[White "Demchenko, A."]
[Black "Epishin, V."]
[Result "1-0"]
[WhiteElo "2610"]
[BlackElo "2574"]
[PlyCount "85"]
[EventDate "2012.10.27"]
[SourceDate "1999.07.01"]

1. e4 c6 2. d4 d5 3. Nc3 a6 4. Bd3 g6 5. Nf3 Bg7 6. O-O Nh6 7. Bf4 O-O 8. Qd2
dxe4 9. Nxe4 Nf5 10. c3 Nd7 11. g4 Nd6 12. Nxd6 exd6 13. Bxd6 Re8 14. g5 Nb6
15. Qf4 Bg4 16. Qxg4 Qxd6 17. Qg3 Qd5 18. Rfd1 c5 19. Bf1 cxd4 20. Nxd4 Be5 21.
Qg2 Qd7 22. Nf3 Bd6 23. Rd4 Qc7 24. Qh3 Be5 25. Nxe5 Rxe5 26. Qg3 Qe7 27. h4 h6
28. gxh6 Kh7 29. Rad1 Rc8 30. Rd6 Rc6 31. Rxc6 bxc6 32. Bxa6 Nd5 33. Bc4 Nf6
34. Bxf7 g5 35. hxg5 Ne4 36. g6+ Kxh6 37. Qf4+ Ng5 38. Kg2 Re4 39. Rh1+ Kg7 40.
Qh2 Kf6 41. Qh8+ Kf5 42. Qc8+ Ne6 43. Bxe6+ 1-0

[Event "Chigorin Memorial"]
[Site "St Petersburg RUS"]
[Date "2012.11.01"]
[Round "6.1"]
[White "Demchenko, A."]
[Black "Shimanov, A."]
[Result "1/2-1/2"]
[WhiteElo "2610"]
[BlackElo "2599"]
[PlyCount "106"]
[EventDate "2012.10.27"]
[SourceDate "1999.07.01"]

1. e4 c6 2. d4 d5 3. Nc3 dxe4 4. Nxe4 Bf5 5. Ng3 Bg6 6. N1e2 e6 7. Nf4 Bd6 8.
Ngh5 Bf8 9. Be2 Nf6 10. Nxf6+ Qxf6 11. Be3 Bb4+ 12. c3 Bd6 13. Qd2 Nd7 14. h4
Bxf4 15. Bxf4 h5 16. Rh3 O-O 17. Rf3 Qd8 18. Bg5 Qc7 19. Rg3 c5 20. Kf1 cxd4
21. Qxd4 Nc5 22. Be3 b6 23. Bf4 Qd8 24. Qe3 Qxh4 25. Rh3 Qf6 26. Bxh5 Bxh5 27.
Rxh5 Qg6 28. Qh3 Qd3+ 29. Ke1 Qxh3 30. Rxh3 e5 31. Bd2 Rad8 32. Ke2 f5 33. Be3
Na4 34. Bg5 Rc8 35. Rb1 Kf7 36. Bd2 Rh8 37. Rxh8 Rxh8 38. b3 Nc5 39. c4 Rh2 40.
Rg1 Kf6 41. Be3 Ne6 42. f3 f4 43. Bf2 Kf5 44. b4 e4 45. fxe4+ Kxe4 46. c5 bxc5
47. bxc5 g5 48. c6 g4 49. Bxa7 g3 50. Kd1 Kd5 51. Ke2 Ke4 52. Kd1 Kd5 53. Ke2
Ke4 1/2-1/2

[Event "Chigorin Memorial"]
[Site "St Petersburg RUS"]
[Date "2012.11.03"]
[Round "8.6"]
[White "Andriasian, Z."]
[Black "Eljanov, P."]
[Result "0-1"]
[WhiteElo "2604"]
[BlackElo "2681"]
[PlyCount "208"]
[EventDate "2012.10.27"]
[SourceDate "1999.07.01"]

1. e4 c6 2. d4 d5 3. Nc3 dxe4 4. Nxe4 Bf5 5. Ng3 Bg6 6. Nh3 Nf6 7. Nf4 Nbd7 8.
c3 Qc7 9. h4 O-O-O 10. h5 e5 11. Nh3 Be4 12. Nxe4 Nxe4 13. Bd3 Nef6 14. O-O
exd4 15. cxd4 h6 16. Qf3 Nb6 17. Be3 Nbd5 18. a3 Bd6 19. b4 Kb8 20. Rac1 Rhe8
21. Rfe1 Nxe3 22. fxe3 Qd7 23. Nf2 Bc7 24. b5 cxb5 25. Rb1 a6 26. a4 Bb6 27.
axb5 a5 28. Ne4 Nxe4 29. Bxe4 Re7 30. Re2 Qd6 31. Kh1 Rc8 32. Rbe1 Rc3 33. Rc2
Bc7 34. Kg1 Rxc2 35. Bxc2 Re6 36. Qh3 Qb4 37. Rd1 Qc3 38. Bd3 a4 39. Qf3 f6 40.
Kf2 a3 41. Qd5 Rd6 42. Qc4 Qxc4 43. Bxc4 Rd8 44. g4 Ka7 45. Ke2 Kb6 46. Kd3 Bd6
47. Kc3 Ka5 48. Kb3 Re8 49. Re1 Re4 50. Bd5 Rxg4 51. Bxb7 Rg5 52. Bf3 Rxb5+ 53.
Kc4 Rb2 54. Ra1 Rh2 55. Bg4 Rh4 56. Be2 Rh3 57. e4 Bb4 58. Ra2 Rc3+ 59. Kd5 Rc1
60. e5 fxe5 61. dxe5 Ka4 62. Bc4 Rd1+ 63. Kc6 Rh1 64. Bf7 Re1 65. e6 Rd1 66.
Re2 Be7 67. Bg6 Kb4 68. Kc7 Kc3 69. Be4 Bf6 70. Kc6 Be7 71. Kc7 Kb4 72. Bg6 Rd5
73. Kc6 Rd6+ 74. Kc7 Rd1 75. Kc6 Rd6+ 76. Kc7 Ra6 77. Bb1 Ra7+ 78. Kc6 Kc3 79.
Kb6 Ra8 80. Kb7 Ra5 81. Kc6 Rxh5 82. Kd7 Bf6 83. e7 Bxe7 84. Kxe7 Rd5 85. Rc2+
Kb4 86. Ba2 Rc5 87. Rh2 Rc6 88. Bd5 Rb6 89. Rc2 g5 90. Kf7 h5 91. Rh2 Rb5 92.
Be6 g4 93. Rg2 Ra5 94. Ba2 Kc3 95. Kg6 Kd3 96. Kh6 Ke3 97. Rc2 g3 98. Rc3+ Kf2
99. Rc2+ Kg1 100. Rd2 h4 101. Bd5 h3 102. Kg5 g2 103. Kg4 Rxd5 104. Rxd5 Kh1
0-1

[Event "Chigorin Memorial"]
[Site "St Petersburg RUS"]
[Date "2012.11.04"]
[Round "9.3"]
[White "Demchenko, A."]
[Black "Grachev, B."]
[Result "1/2-1/2"]
[WhiteElo "2610"]
[BlackElo "2672"]
[PlyCount "83"]
[EventDate "2012.10.27"]
[SourceDate "1999.07.01"]

1. e4 c6 2. d4 d5 3. Nc3 dxe4 4. Nxe4 Bf5 5. Ng3 Bg6 6. N1e2 Nf6 7. Nf4 Nbd7 8.
Bc4 Qc7 9. O-O Nb6 10. Bb3 e6 11. Qf3 Nbd5 12. Nxg6 hxg6 13. c4 Nb4 14. a3 Na6
15. d5 Nc5 16. dxc6 bxc6 17. Bc2 Bd6 18. b4 Ncd7 19. Bb2 O-O 20. Rfe1 a5 21.
Bc3 axb4 22. axb4 Rxa1 23. Rxa1 Be5 24. Re1 Bxc3 25. Qxc3 Rb8 26. h3 Qd6 27.
Rb1 Qe5 28. Qd2 Ra8 29. Bd1 Nb6 30. Be2 c5 31. Bf1 cxb4 32. Qxb4 Nbd7 33. Re1
Qc7 34. Ne4 Nxe4 35. Rxe4 Nc5 36. Re1 Rb8 37. Qc3 Qe7 38. Qe5 Rc8 39. g3 Qf6
40. Qe3 g5 41. Rb1 g6 42. Rb5 1/2-1/2

[Event "TCh-ISL 2012-13"]
[Site "Reykjavik ISL"]
[Date "2012.10.06"]
[Round "2.3"]
[White "Zherebukh, Y."]
[Black "Eljanov, P."]
[Result "1-0"]
[WhiteElo "2628"]
[BlackElo "2681"]
[PlyCount "69"]
[EventDate "2012.10.05"]
[SourceDate "1999.07.01"]
[WhiteTeam "Taflfelag Bolungarvikur A"]
[BlackTeam "Vikingaklubburinn A"]

1. e4 c6 2. d4 d5 3. e5 Bf5 4. h4 h5 5. c4 e6 6. Nc3 Ne7 7. Nge2 Nd7 8. cxd5
Nxd5 9. Ng3 Nxc3 10. bxc3 Bg6 11. Be2 Qa5 12. Bd2 O-O-O 13. f4 Be7 14. Qb3 Nb6
15. f5 exf5 16. O-O f4 17. Rxf4 Nd5 18. Nf5 Bc5 19. Rb1 b6 20. Rf2 Bxf5 21.
Rxf5 Bxd4+ 22. Kh1 Rd7 23. Qc4 Bc5 24. Rxh5 Rxh5 25. Bxh5 Re7 26. Bf3 Rxe5 27.
Qg4+ f5 28. Qxg7 Qxa2 29. Rd1 Bd6 30. Bf4 Re6 31. Qg8+ Kd7 32. Qf7+ Re7 33.
Qxf5+ Kc7 34. Bxd6+ Kxd6 35. Qf4+ 1-0

[Event "16th Unive Open"]
[Site "Hoogeveen NED"]
[Date "2012.10.27"]
[Round "9"]
[White "Nijboer, F."]
[Black "L'Ami, E."]
[Result "0-1"]
[WhiteElo "2525"]
[BlackElo "2631"]
[PlyCount "156"]
[EventDate "2012.10.19"]
[SourceDate "1999.07.01"]

1. e4 c6 2. d4 d5 3. e5 Bf5 4. Nf3 e6 5. Be2 Nd7 6. O-O Ne7 7. Nbd2 Nc8 8. a4
Be7 9. a5 O-O 10. Nb3 a6 11. Bf4 Na7 12. c3 Rc8 13. h3 c5 14. Nxc5 Nxc5 15.
dxc5 Bxc5 16. b4 Be7 17. Be3 Nc6 18. Bb6 Qd7 19. b5 Nb8 20. Qb3 Bc5 21. Nd4 Bg6
22. f4 Bxb6 23. axb6 a5 24. Bg4 Qe7 25. Kh1 Bd3 26. Rfd1 Be4 27. Qa3 Qh4 28.
Qc1 Nd7 29. Rxa5 Nxb6 30. Ra7 Rc7 31. Qe3 Nc4 32. Qe1 Qxe1+ 33. Rxe1 Re8 34.
Bf3 Bxf3 35. Nxf3 Rec8 36. Nd4 Kf8 37. Re2 Ke7 38. g4 Nb6 39. Kg2 Rd7 40. Re3
Rc4 41. f5 Ra4 42. Rxa4 Nxa4 43. Rf3 Rc7 44. fxe6 fxe6 45. Rf8 Kxf8 46. Nxe6+
Ke7 47. Nxc7 Nxc3 48. b6 d4 49. Kf2 g5 50. Ke1 Na4 51. Kd2 Nxb6 52. Kd3 Kd7 53.
Nb5 Kc6 54. Nxd4+ Kd5 55. e6 Nc8 56. Nf3 h6 57. h4 gxh4 58. Nxh4 Ne7 59. Nf3
Ng6 60. Nd4 Ne5+ 61. Ke3 Nc4+ 62. Kd3 Ne5+ 63. Ke3 Nxg4+ 64. Kf4 Nf6 65. Kf5
Ne8 66. Nc2 Ng7+ 67. Kf6 Nxe6 68. Ne3+ Ke4 69. Nf5 Nd4 70. Nd6+ Kf4 71. Kg6 b6
72. Kh5 Nf5 73. Nb5 Ke4 74. Kg6 Ke5 75. Na3 Kf4 76. Kh5 Ke4 77. Kg6 Nd6 78.
Kxh6 Kd3 0-1

[Event "US Chess League 2012"]
[Site "ICC INT"]
[Date "2012.10.22"]
[Round "8"]
[White "Gelashvili, T."]
[Black "Shankland, S."]
[Result "1-0"]
[WhiteElo "2578"]
[BlackElo "2597"]
[PlyCount "51"]
[EventDate "2012.09.04"]
[SourceDate "1999.07.01"]
[WhiteTeam "New York"]
[BlackTeam "New England"]

1. e4 c6 2. d4 d5 3. e5 Bf5 4. h4 h6 5. g4 Bd7 6. h5 e6 7. f4 c5 8. c3 Nc6 9.
Nf3 Qb6 10. Rh2 Rc8 11. Be3 cxd4 12. cxd4 Bb4+ 13. Kf2 Na5 14. b3 Ne7 15. Kg1
O-O 16. Rg2 Rc7 17. f5 exf5 18. g5 Kh7 19. Bd3 Rfc8 20. Kh2 Bb5 21. Bxb5 Qxb5
22. gxh6 gxh6 23. a3 Bc3 24. Bxh6 Bxa1 25. Ng5+ Kxh6 26. Qd2 1-0

[Event "Bundesliga 2012-13"]
[Site "Griesheim GER"]
[Date "2012.10.21"]
[Round "2"]
[White "Areshchenko, A."]
[Black "Khenkin, I."]
[Result "1/2-1/2"]
[WhiteElo "2710"]
[BlackElo "2655"]
[PlyCount "59"]
[EventDate "2012.10.20"]
[EventType "team"]
[SourceDate "1999.07.01"]
[WhiteTeam "SV Werder Bremen"]
[BlackTeam "Wiesbadener SV"]

1. e4 c6 2. d4 d5 3. Nc3 dxe4 4. Nxe4 Bf5 5. Ng3 Bg6 6. Nh3 Nf6 7. Bc4 e6 8.
O-O Nbd7 9. f4 Nb6 10. Bb3 a5 11. f5 exf5 12. c3 Qd7 13. Bg5 Be7 14. Bc2 Ne4
15. Bxe7 Kxe7 16. Qe1 Kd8 17. Nf4 Re8 18. h4 Nf6 19. Qb1 Nc4 20. Bxf5 Bxf5 21.
Qxf5 Ne3 22. Qxd7+ Kxd7 23. Rf3 Re7 24. Nfh5 Nxh5 25. Nxh5 f6 26. Nxg7 Rg8 27.
Nh5 Rxg2+ 28. Kh1 Rxb2 29. Nxf6+ Kd6 30. Re1 1/2-1/2

[Event "St Petersburg Rapid Cup 2012"]
[Site "St Petersburg RUS"]
[Date "2012.10.07"]
[Round "11.2"]
[White "Inarkiev, E."]
[Black "Shimanov, A."]
[Result "0-1"]
[WhiteElo "2683"]
[BlackElo "2599"]
[PlyCount "66"]
[EventDate "2012.10.05"]
[SourceDate "1999.07.01"]

1. e4 c6 2. d4 d5 3. e5 c5 4. dxc5 e6 5. Nf3 Bxc5 6. Bd3 Nc6 7. O-O Nge7 8. a3
Ng6 9. b4 Bb6 10. Re1 a5 11. bxa5 Rxa5 12. Nc3 O-O 13. Bb2 Bd7 14. Rb1 d4 15.
Nb5 Ncxe5 16. Nbxd4 Nxd3 17. Qxd3 Qc7 18. c4 Rc5 19. Nd2 Rg5 20. Qc3 Ba5 21.
Qe3 Re5 22. Qd3 Rg5 23. Qe3 Re5 24. Qd3 Rg5 25. g3 e5 26. N4f3 Rh5 27. Qe3 Bc6
28. Re2 Qd7 29. Ne4 Qg4 30. Nfd2 Nf4 31. Ree1 Rxh2 32. Qxf4 exf4 33. Kxh2 Bxd2
0-1

[Event "TATA 50th ch-IND National Premier"]
[Site "Kolkata IND"]
[Date "2012.10.06"]
[Round "6.4"]
[White "Adhiban, Baskaran"]
[Black "Arun Prasad, S."]
[Result "1-0"]
[WhiteElo "2564"]
[BlackElo "2510"]
[PlyCount "93"]
[EventDate "2012.10.01"]
[SourceDate "1999.07.01"]

1. e4 c6 2. d4 d5 3. e5 Bf5 4. Nf3 e6 5. Be2 Nd7 6. O-O Bg6 7. Nbd2 Nh6 8. c3
Be7 9. Ne1 f6 10. Ndf3 Nf7 11. Nd3 Bxd3 12. Qxd3 O-O 13. exf6 Bxf6 14. Qc2 Re8
15. Be3 e5 16. dxe5 Ndxe5 17. Rad1 Qc7 18. g3 Nxf3+ 19. Bxf3 Rad8 20. Rfe1 Nd6
21. Bf4 Qd7 22. Kg2 Nf7 23. h3 Ne5 24. Be4 g6 25. Kh2 Qf7 26. Bg2 Bg7 27. Re2
Rd7 28. Rde1 Rde7 29. h4 Ng4+ 30. Kg1 Rxe2 31. Rxe2 Bh6 32. Bxh6 Nxh6 33. Bh3
Kg7 34. Qd2 Rxe2 35. Qxe2 Nf5 36. Qe5+ Qf6 37. Qb8 Nd6 38. Qxa7 Qe5 39. Bf1 h6
40. a4 Qe7 41. a5 Nc8 42. Qd4+ Qf6 43. Qg4 Qf5 44. Qb4 Qd7 45. Qd4+ Kg8 46. Qe5
Ne7 47. Bd3 1-0

[Event "US Chess League 2012"]
[Site "ICC INT"]
[Date "2012.10.01"]
[Round "5"]
[White "Perelshteyn, E."]
[Black "Erenburg, S."]
[Result "1/2-1/2"]
[WhiteElo "2529"]
[BlackElo "2629"]
[PlyCount "113"]
[EventDate "2012.09.04"]
[SourceDate "1999.07.01"]
[WhiteTeam "Boston"]
[BlackTeam "Philadelphia"]

1. e4 c6 2. d4 d5 3. Nc3 dxe4 4. Nxe4 Bf5 5. Ng3 Bg6 6. h4 h6 7. Nf3 Nd7 8. h5
Bh7 9. Bd3 Bxd3 10. Qxd3 e6 11. Bd2 Ngf6 12. O-O-O Be7 13. Kb1 Qc7 14. Ne4
O-O-O 15. g3 c5 16. Bf4 Qc6 17. Nxf6 Bxf6 18. Qa3 cxd4 19. Qxa7 e5 20. Qa8+ Kc7
21. Qa5+ b6 22. Qa7+ Qb7 23. Qxb7+ Kxb7 24. Bc1 Nc5 25. Nd2 Bg5 26. f4 exf4 27.
gxf4 Bf6 28. Nf3 Rhe8 29. Nh2 Re2 30. Ng4 d3 31. cxd3 Bd4 32. Ne5 Bxe5 33. fxe5
Rxd3 34. Rdf1 Rd7 35. Rhg1 Ne6 36. Rf5 Nd4 37. Rff1 Ne6 38. Rf5 b5 39. Rgf1 Kc6
40. Rg1 Kd5 41. Rd1+ Nd4 42. Rf3 Rxe5 43. Rfd3 Ke4 44. Re3+ Kf5 45. Red3 Red5
46. b3 Ke6 47. Re1+ Kd6 48. Rc3 Ne6 49. Ba3+ Nc5 50. Rxc5 Rxc5 51. Rd1+ Ke6 52.
Rxd7 Rxh5 53. Rd6+ Ke5 54. Rd1 Ke6 55. Rd6+ Ke5 56. Rd1 Ke6 57. Rd6+ 1/2-1/2

[Event "TCh-CHN 2012"]
[Site "Hangzhou CHN"]
[Date "2012.10.06"]
[Round "15"]
[White "Yu Yangyi"]
[Black "Ding Liren"]
[Result "1/2-1/2"]
[WhiteElo "2615"]
[BlackElo "2660"]
[PlyCount "98"]
[EventDate "2012.04.28"]
[SourceDate "1999.07.01"]
[WhiteTeam "Beijing AIGO Team"]
[BlackTeam "Zhejiang Yinzhou Team"]

1. e4 c6 2. d4 d5 3. Nd2 dxe4 4. Nxe4 Nd7 5. Nf3 Ngf6 6. Nc3 Nb6 7. Be2 Bg4 8.
O-O e6 9. h3 Bf5 10. Nh4 Bg6 11. Bf3 Bd6 12. Qe2 O-O 13. Bg5 Qc7 14. Rad1 Nbd5
15. Nxd5 cxd5 16. Nxg6 hxg6 17. c3 Rab8 18. h4 Bh2+ 19. Kh1 Bf4 20. Bxf6 gxf6
21. g3 Bd6 22. Kg2 b5 23. a3 a5 24. Rc1 f5 25. Rh1 Qe7 26. Qd3 Rfc8 27. Be2 Rc7
28. Rc2 b4 29. cxb4 Rxc2 30. Qxc2 axb4 31. a4 b3 32. Qc3 Qc7 33. Rc1 Qa7 34.
Bb5 Be7 35. Qe3 Bf6 36. Rc5 Kg7 37. Qd2 Bd8 38. Qf4 Bb6 39. Rc3 Bxd4 40. Rxb3
e5 41. Qd2 Qc5 42. Rd3 Rc8 43. b4 Qc2 44. a5 Qb1 45. Rxd4 Rc1 46. Rxd5 Rg1+ 47.
Kh2 Rh1+ 48. Kg2 Rg1+ 49. Kh2 Rh1+ 1/2-1/2

[Event "Baku Open 2012"]
[Site "Baku AZE"]
[Date "2012.09.27"]
[Round "6.2"]
[White "Zhigalko, S."]
[Black "Khenkin, I."]
[Result "1/2-1/2"]
[WhiteElo "2667"]
[BlackElo "2648"]
[PlyCount "22"]
[EventDate "2012.09.22"]
[SourceDate "1999.07.01"]

1. e4 c6 2. d4 d5 3. e5 c5 4. Nf3 Bg4 5. dxc5 Nc6 6. c3 e6 7. Be3 Bxf3 8. Qxf3
Nge7 9. Bb5 a6 10. Ba4 Qa5 11. Bc2 Qb5 1/2-1/2

[Event "3rd Konig Memorial"]
[Site "San Francisco USA"]
[Date "2012.09.22"]
[Round "2"]
[White "De Firmian, N."]
[Black "Shankland, S."]
[Result "1/2-1/2"]
[WhiteElo "2510"]
[BlackElo "2597"]
[PlyCount "124"]
[EventDate "2012.09.22"]
[EventType "tourn (rapid)"]
[SourceDate "1999.07.01"]

1. e4 c6 2. d4 d5 3. Nc3 dxe4 4. Nxe4 Bf5 5. Ng3 Bg6 6. Nf3 Nd7 7. h4 h6 8. h5
Bh7 9. Bd3 Bxd3 10. Qxd3 e6 11. Bf4 Qa5+ 12. Bd2 Bb4 13. c3 Be7 14. c4 Qc7 15.
O-O-O Ngf6 16. Kb1 O-O 17. Ne4 Rad8 18. Qe2 c5 19. Bc3 Nxe4 20. Qxe4 Nf6 21.
Qe5 Qxe5 22. dxe5 Ne4 23. Rxd8 Rxd8 24. Rf1 a6 25. a4 f5 26. exf6 Bxf6 27. Re1
Nxc3+ 28. bxc3 Rd3 29. Re3 Rxe3 30. fxe3 Bxc3 31. Kc2 Bf6 32. Nd2 Kf7 33. Ne4
Be7 34. g4 Ke8 35. Kd3 Kd7 36. Nd2 Kc6 37. Ne4 Kb6 38. Kc3 Bg5 39. Kd3 Be7 40.
Kc3 Ka5 41. Kb3 b6 42. Nc3 Bg5 43. Ne4 Be7 44. Nc3 Bf6 45. Ne4 Be5 46. Nf2 b5
47. axb5 axb5 48. Nd3 Bd6 49. e4 Kb6 50. Ne1 Kc6 51. Nf3 Bf4 52. Kc3 Be3 53.
Kb3 Bd4 54. Ne1 b4 55. Nf3 Bc3 56. Ka4 Kd6 57. Kb3 Ke7 58. Ka4 Kf7 59. Kb3 g6
60. Ka4 Kf6 61. Kb3 g5 62. Ka4 Ke7 1/2-1/2

[Event "US Chess League 2012"]
[Site "ICC INT"]
[Date "2012.09.26"]
[Round "4"]
[White "Becerra Rivero, J."]
[Black "Shankland, S."]
[Result "1/2-1/2"]
[WhiteElo "2555"]
[BlackElo "2597"]
[PlyCount "51"]
[EventDate "2012.09.04"]
[SourceDate "1999.07.01"]
[WhiteTeam "Miami"]
[BlackTeam "New England"]

1. e4 c6 2. d4 d5 3. exd5 cxd5 4. Bd3 Nc6 5. c3 Nf6 6. Bf4 Bg4 7. Qb3 Qc8 8.
Nd2 e6 9. Ngf3 Be7 10. O-O Bh5 11. Rfe1 Bg6 12. Bxg6 hxg6 13. h3 O-O 14. Re2 a6
15. a4 Na5 16. Qd1 b5 17. b4 Nc4 18. Nxc4 dxc4 19. Bg5 Nd5 20. Bxe7 Nxe7 21.
Rea2 Nd5 22. Qd2 Qb7 23. a5 f6 24. Re1 Rae8 25. h4 Kf7 26. Qc1 1/2-1/2

[Event "21st TCh-CRO 1a 2012"]
[Site "Sibenik CRO"]
[Date "2012.09.29"]
[Round "7.12"]
[White "Saric, Iv"]
[Black "Postny, E."]
[Result "1/2-1/2"]
[WhiteElo "2637"]
[BlackElo "2637"]
[PlyCount "81"]
[EventDate "2012.09.23"]
[SourceDate "1999.07.01"]
[WhiteTeam "SK Liburnija, Rijeka"]
[BlackTeam "SK Zagreb, Zagreb"]

1. e4 c6 2. d4 d5 3. Nc3 dxe4 4. Nxe4 Bf5 5. Ng3 Bg6 6. h4 h6 7. Nf3 Nd7 8. h5
Bh7 9. Bd3 Bxd3 10. Qxd3 e6 11. Bd2 Ngf6 12. O-O-O Be7 13. Kb1 O-O 14. Ne4 Nxe4
15. Qxe4 Nf6 16. Qe2 Qd5 17. Be3 Rad8 18. Ne5 Nd7 19. Nd3 Qb5 20. Rde1 Nb6 21.
c3 a5 22. g4 Nc4 23. Bc1 c5 24. Ne5 Na3+ 25. Ka1 Qxe2 26. Rxe2 Nb5 27. dxc5
Bxc5 28. f4 Rfe8 29. a4 Nd6 30. Rd1 f6 31. Ng6 Bb6 32. Kb1 f5 33. gxf5 Nxf5 34.
Rde1 Kf7 35. Ne5+ Kf6 36. Ng4+ Kf7 37. Ne5+ Kf6 38. Rg2 Bc7 39. Rg6+ Ke7 40. b3
Kf8 41. Nc4 1/2-1/2

[Event "DYTM KL Open 2012"]
[Site "Kuala Lumpur MAS"]
[Date "2012.09.19"]
[Round "4.2"]
[White "Cao, S."]
[Black "Barbosa, O PHI."]
[Result "1-0"]
[WhiteElo "2502"]
[BlackElo "2554"]
[PlyCount "53"]
[EventDate "2012.09.18"]
[SourceDate "1999.07.01"]

1. e4 c6 2. d4 d5 3. e5 Bf5 4. Nf3 e6 5. Be2 Ne7 6. Nbd2 Nd7 7. Nb3 a6 8. O-O
Bg6 9. a4 Nf5 10. a5 c5 11. c4 dxc4 12. Bxc4 cxd4 13. Nbxd4 Nxd4 14. Qxd4 Bc5
15. Qf4 O-O 16. Be3 Rc8 17. b3 Qe7 18. Rfd1 Rfd8 19. h3 h6 20. Kh2 Bb4 21. Bd2
Ba3 22. Be3 Bb4 23. Bd2 Bc2 24. Bxb4 Qxb4 25. Rd4 Nf8 26. Bxe6 Rxd4 27. Qxf7+
1-0

[Event "TCh-CHN 2012"]
[Site "Tianjin CHN"]
[Date "2012.07.13"]
[Round "9"]
[White "Zhao Jun"]
[Black "Ding Liren"]
[Result "1/2-1/2"]
[WhiteElo "2583"]
[BlackElo "2660"]
[PlyCount "60"]
[EventDate "2012.04.28"]
[SourceDate "1999.07.01"]
[WhiteTeam "Shandong Gree Team"]
[BlackTeam "Zhejiang Yinzhou Team"]

1. e4 c6 2. d4 d5 3. e5 Bf5 4. Nf3 e6 5. Nbd2 c5 6. dxc5 Bxc5 7. Nb3 Bb6 8.
Bb5+ Nd7 9. Nfd4 Ne7 10. Bg5 Bg6 11. Qe2 Qc7 12. Bxe7 Kxe7 13. Bxd7 Qxd7 14. a4
a5 15. c3 Rhc8 16. Nb5 Rc4 17. N3d4 Kf8 18. O-O Kg8 19. Qd1 Rcc8 20. Re1 Bc5
21. Re3 Qe7 22. Qb3 Ra6 23. Rae1 Rb6 24. Qd1 h6 25. Qe2 Qh4 26. Rh3 Qf4 27. Rf3
Qg4 28. h3 Qh4 29. Rg3 Kh7 30. Rg4 Qd8 1/2-1/2

[Event "3rd Oliver Gonzalez Mem Open A"]
[Site "Madrid ESP"]
[Date "2012.09.05"]
[Round "5.1"]
[White "Vovk, A."]
[Black "Narciso Dublan, M."]
[Result "1-0"]
[WhiteElo "2549"]
[BlackElo "2523"]
[PlyCount "102"]
[EventDate "2012.09.01"]
[SourceDate "1999.07.01"]

1. e4 c6 2. d4 d5 3. e5 Bf5 4. Nf3 e6 5. Be2 Nd7 6. O-O Ne7 7. Nbd2 h6 8. a4
Bh7 9. a5 a6 10. Re1 Ng6 11. Nb3 Be7 12. c4 O-O 13. cxd5 cxd5 14. Bd3 Qc7 15.
Bd2 Rfc8 16. Bc3 Qd8 17. Qd2 Rc6 18. Re2 Kh8 19. g3 Rac8 20. Rf1 Qg8 21. Ne1 f5
22. f4 R6c7 23. Rg2 Nb8 24. Bb4 Bxb4 25. Qxb4 Ne7 26. Qd2 Nec6 27. h3 Qf8 28.
Nc2 Nd7 29. Kh2 Rb8 30. g4 b6 31. gxf5 exf5 32. Ne3 bxa5 33. Nxd5 Rcb7 34. Nxa5
Rxb2 35. Nxc6 Rxd2 36. Rxd2 Rc8 37. Rc1 Qa3 38. Rcc2 Nf8 39. Nb6 Rc7 40. d5 Ng6
41. d6 Rf7 42. d7 Rxd7 43. Nxd7 Nxf4 44. Bf1 Bg8 45. Nd4 Bd5 46. Nxf5 Kh7 47.
Rc8 Kg6 48. Ng3 Qe3 49. Rb2 h5 50. h4 Qf3 51. Rb6+ Be6 1-0

[Event "40th Olympiad Open"]
[Site "Istanbul TUR"]
[Date "2012.09.03"]
[Round "6.7"]
[White "Macieja, B."]
[Black "Berkes, F."]
[Result "1/2-1/2"]
[WhiteElo "2594"]
[BlackElo "2685"]
[PlyCount "66"]
[EventDate "2012.08.28"]
[SourceDate "1999.07.01"]
[WhiteTeam "Poland"]
[BlackTeam "Hungary"]
[WhiteTeamCountry "LES"]
[BlackTeamCountry "MLT"]

1. e4 c6 2. d4 d5 3. exd5 cxd5 4. c4 Nf6 5. Nc3 e6 6. Nf3 Bb4 7. cxd5 Nxd5 8.
Qc2 Nc6 9. Bd3 Ba5 10. a3 h6 11. O-O O-O 12. Na4 Bd7 13. Nc5 Bb6 14. Be3 Rc8
15. Nxb7 Qe7 16. Nc5 Nxd4 17. Bxd4 Bxc5 18. Qd2 Bxd4 19. Nxd4 Qf6 20. Rfc1 a5
21. b4 axb4 22. axb4 Rxc1+ 23. Rxc1 Rb8 24. b5 Nf4 25. Bf1 Qg5 26. Rd1 Bxb5 27.
Nxb5 Rxb5 28. h4 Qd5 29. Qe1 Qa8 30. g3 Rf5 31. gxf4 Rxf4 32. Bg2 Rg4 33. Qf1
Qa5 1/2-1/2